skbl

Dr Suryya Kumar Bhuyan Library Web-OPAC
ডঃ সূৰ্য্য
কুমাৰ ভূঞা পুথিভঁৰাল ৱেব-অ'পেক

All Research Scholars are advised to clear the annual library fees to continue using Library Resources, Remote Access, Plagiarism Test and Library Clearance.

Cotton University Book Fair 2026

Indian education in 1913 -14 / (Record no. 3231)

MARC details
000 -LEADER
fixed length control field 00526nam a2200217Ia 4500
001 - CONTROL NUMBER
control field 3243
005 - DATE AND TIME OF LATEST TRANSACTION
control field 20240113233620.0
007 - PHYSICAL DESCRIPTION FIXED FIELD--GENERAL INFORMATION
fixed length control field ta
008 - FIXED-LENGTH DATA ELEMENTS--GENERAL INFORMATION
fixed length control field 050412s1913 g b000 u eng u
040 ## - CATALOGING SOURCE
Original cataloging agency Cotton College,Assam
041 ## - LANGUAGE CODE
Language code of text/sound track or separate title eng
082 ## - DEWEY DECIMAL CLASSIFICATION NUMBER
Classification number 370.05
Item number In 2 In
100 ## - MAIN ENTRY--PERSONAL NAME
Personal name GOI, .
245 #0 - TITLE STATEMENT
Title Indian education in 1913 -14 /
Statement of responsibility, etc. GOI.
Medium Reports
260 ## - PUBLICATION, DISTRIBUTION, ETC.
Place of publication, distribution, etc. New Delhi :
Name of publisher, distributor, etc. GOI ,
Date of publication, distribution, etc. 1913.
300 ## - PHYSICAL DESCRIPTION
Dimensions 26cm.
653 ## - INDEX TERM--UNCONTROLLED
Uncontrolled term Report - education
942 ## - ADDED ENTRY ELEMENTS (KOHA)
Source of classification or shelving scheme Dewey Decimal Classification
Koha item type Books
Holdings
Withdrawn status Lost status Damaged status Not for loan Collection Home library Current library Date acquired Coded location qualifier Total checkouts Full call number Barcode Date last seen Copy number Price effective from Koha item type
          Dr. Suryya Kumar Bhuyan Library Dr. Suryya Kumar Bhuyan Library 01/02/2012 00000   370.05 In 2 In 176/Rare 13/01/2024 1 01/02/2012 Books

Designed and Maintained by Team SKBL
©1901-2026

Powered by Koha